| 000 | 00829nam a2200157 a 4500 | ||
|---|---|---|---|
| 020 | _a2550219678 | ||
| 040 | _cDLC | ||
| 082 | 0 | 0 | _a696 GOU 1991 A083 Or. |
| 245 | 0 | 2 |
_aL'Efficacité énergétique dans les édifices à bureaux et les bâtiments commerciaux : _bguide du gestionnaire. |
| 260 |
_a[Québec] : _bGouvernement du Québec, Ministère de l'énergie et des ressources, Bureau de l'efficacité énergétique, _c1991. |
||
| 300 |
_aiii, 140 p. : _bill. ; _c28 cm. |
||
| 500 | _a"Le présent guide ... a été traduit en français et adapté au contexte québécois à partir du document original Energy management for building and facilities: energy efficiency opportunities, une réalisation du Ministère de l'énergie de l'Ontario"--P. after t.p. | ||
| 650 | 0 | _aBuildings | |
| 710 | 1 | _aQuébec (Province). | |
| 942 | _cEK | ||
| 999 |
_c16048 _d16048 |
||